000 00687nam a22001937a 4500
005 20220928095635.0
008 220927b ||||| |||| 00| 0 eng d
040 _cAL
041 _ahin
082 _223
_aH891.4
_bHUSS
100 _aJabeer Husen: जाबिर हुसेन Ed
_958577
245 _aSakshya: Nishane par bihar
_bसाक्ष्य: निशाने पर बिहार
260 _aBihar
_bBihar Vidhan Parishad
_c2001
300 _a356p.
_bPB
_c24x16cm.
365 _2Hindi
_b60.00
_c
_d60.00
650 _aHindi Prose: हिंदी गध्य
_958569
700 _aHUSEN (JABIR): हुसेन (जाबिर) Ed
_958570
942 _2ddc
_cGF
999 _c224670
_d224670